Biblioteca

Evaluación del aprendizaje : (Registro nro. 65060)

Detalles MARC
000 -LÍDER
Campo fijo de descripción fija 01148nam a2200325 i 4500
001 - NÚMERO DE CONTROL
Campo de control 768714001
003 - IDENTIFICADOR DEL NÚMERO DE CONTROL
Campo de control CO-MdFUSB
005 - FECHA Y HORA DE LA ULTIMA TRANSACCIÓN
control field 20190606163400.0
008 - ELEMENTOS DE LONGITUD FIJA -- INFORMACIÓN GENERAL
Campo fijo de descripción fija -- Información general 190520t2000 mx da||| |||| 00| 0 spa d
020 ## - NÚMERO INTERNACIONAL NORMALIZADO PARA LIBROS
Número Internacional Normalizado del libro 9682461154
040 ## - FUENTE DE CATALOGACIÓN
Agencia de catalogación original CO-MdFUSB
Idioma de catalogación spa
Agencia que realiza la transcripción CO-MdFUSB
Agencia que realiza la modificación CO-MdFUSBC
Convenciones de la descripción rda
041 ## - CÓDIGO DE IDIOMA
Código de idioma para texto/pista de sonido o título separado spa
082 ## - NÚMERO DE CLASIFICACIÓN DECIMAL DEWEY
Número de la edición del Dewey 37
Número de clasificación 371.26
Clave de autor-Numero de item EV92
245 ## - TÍTULO
Título del Material Evaluación del aprendizaje :
Parte restante del título - Subtitulo alternativas y nuevos desarrollos.
Mención de responsabilidad, etc. / Blanca Silvia López Frías ; Elsa María Hinojosa Kleen.
264 #1 - PRODUCCIÓN, PUBLICACIÓN, DISTRIBUCIÓN, MANUFACTURA, Y COPYRIGHT
Lugar de producción, publicación, distribución, manufactura México, D.F. :
Nombre del productor, publicador, distribuidor Trillas,
Fecha de producción, publicación, distribución, manufactura, o copyright [2000]
264 #4 - PRODUCCIÓN, PUBLICACIÓN, DISTRIBUCIÓN, MANUFACTURA, Y COPYRIGHT
Fecha de producción, publicación, distribución, manufactura, o copyright © 2000
300 ## - DESCRIPCIÓN FÍSICA
Extensión 176 páginas
Dimensiones ; 24 cm
336 ## - TIPO DE CONTENIDO
Fuente rdacontent
Término de tipo de contenido texto
Código de tipo de contenido txt
337 ## - TIPO DE MEDIO
Fuente rdamedia
Nombre del tipo de medio sin mediación
Código del tipo de medio n
338 ## - TIPO DE SOPORTE
Fuente rdacarrier
Nombre del tipo de soporte volumen
Código Tipo de soporte nc
504 ## - NOTA DE BIBLIOGRAFÍA, ETC.
Nota de bibliografía, etc Incluye bibliografía (páginas 173-176)
505 ## - NOTA DE CONTENIDO
Nota de contenido con formato preestablecido Evaluación del aprendizaje: definiciones y enfoque tradicional. -- Nuevos desarrollos en la evaluación del aprendizaje.
563 ## - NOTA DE ENCUADERNACIÓN
Nota de encuadernación Rústico.
650 #0 - ASIENTO SECUNDARIO DE MATERIA - TERMINO TEMÁTICO
9 (RLIN) 984
Término temático o nombre geográfico como elemento de entrada Educación
653 ## - TÉRMINO DE INDIZACIÓN - NO CONTROLADO
Término no controlado Evaluación
700 ## - ASIENTO SECUNDARIO - NOMBRE PERSONAL
9 (RLIN) 1932
Nombre personal López Frías, Blanca Silvia,
Responsabilidad autor
700 ## - ASIENTO SECUNDARIO - NOMBRE PERSONAL
9 (RLIN) 1933
Nombre personal Hinojosa Kleen, Elsa María,
Responsabilidad autor
942 ## - TIPO DE MATERIAL (KOHA)
Tipo de Item KOHA Libros General
945 ## - INFORMACIÓN LOCAL DEL REGISTRO
Catalogador JTF-925
Revisión registro AEM-53
Existencias
Estado de Material Estado de Perdido Forma de Clasificación Estado de Dañado No para Préstamo Colección Biblioteca de Origen Biblioteca Permanente Fecha de Adquisición Forma de Adquisición Total de Préstamos Signatura Topográfica Código de Barras Última vez visto Ejemplar/Existencia Fecha de Remplazo Tipo de Material
    Dewey Decimal Classification     Colección General Biblioteca FUSBC Biblioteca FUSBC 20/05/2019 compra   G 371.26 EV92e 14264 12/12/2019 Ej. 1 20/05/2019 Libros General

Biblioteca FUSBC | Teléfono: (57+4) 349 88 10 Ext. 141| WhatsApp (+57) 3005338115 
E-mail: biblioteca@unisbc.edu.co | Calle 76 87-14 Robledo Palenque, Medellín, Colombia

Con tecnología Koha